LEADER 01300nam a2200265 4500 001 000000363178 003 CaOOAMICUS 005 20250617113545.0 008 250616s2011 it 000 u fre r 020 $a978-88-8450-402-9 040 $aSeMil$bita 100 1 $aOstorero, Martine.$0(OLS)http://semarc/name/122208 245 13$aLe diable au sabbat :$blittérature démonologique et sorcellerie (1440-1460) /$cMartine Ostorero ; préface de Agostino Paravicini Bagliani. 264 1$aFirenze :$bSISMEL Edizioni del Galluzzo,$c2011. 300 $aXVII, 806 p. ;$c21 cm 490 1 $aMicrologus? library ;$v38 650 4$aDemonologia - Francia - Sec. 15.$0(OLS)http://semarc/subject/57869 700 1 $aParavicini Bagliani, Agostino,$d<1943- >.$0(OLS)http://semarc/name/89582 830 0$aMicrologus? library ;$v38.$0(OLS)http://semarc/title/454325 850 $aSeMil 852 $aSeMil$W1$xVenegono$y1$m2YA N 38$j258532$B254044$CSeMilBibl$Z2$F254044 $81 996 $6020$a978-88-8450-402-9$9(OLS)http://semarc/number/303379 996 $6245$aLe diable au sabbat :$blittérature démonologique et sorcellerie (1440-1460)$9(OLS)http://semarc/title/454328 996 $6264$aFirenze :$bSISMEL Edizioni del Galluzzo$9(OLS)http://semarc/publisher/31909 LEADER 02043nam a2200241 i 4500 001 000000032812 003 CaOOAMICUS 005 20180830125450.0 008 180830s1850 it u000 u ita u 040 $aSeMil$bita 100 1 $aGaume, Joseph <1802-1879>.$0(OLS)http://semarc/name/5516 245 10$aCatechismo di perseveranza, ovvero Esposizione storica, dogmatica, morale e liturgica della religione dall'origine del mondo fino ai nostri giorni /$cdell'abate G. Gaume. 250 $aVersione italiana sulla 4. ed. parigina aumentata di note sulla geologia. 260 $aNapoli :$bA spese della Società Editrice,$c1850-1851. 300 $a4 v. ;$c24 cm. 650 4$aCattolicesimo e protestantesimo.$0(OLS)http://semarc/subject/5257 773 0 $tTesoro cattolico. Classe 1., Dogmatica, polemica e filosofia morale.$dNapoli : A spese della Società Editrice, 1849.$w()32813 774 0 $tVol. 1.$kTesoro cattolico. Classe 1., Dogmatica, polemica e filosofia morale : scelta di opere antiche e moderne atte a sanar le piaghe religiose e politiche che affliggono l'odierna società$g1$w()246561 774 0 $tVol. 4.$kTesoro cattolico. Classe 1., Dogmatica, polemica e filosofia morale : scelta di opere antiche e moderne atte a sanar le piaghe religiose e politiche che affliggono l'odierna società$g4$w()246562 774 0 $tVol. 2.$kTesoro cattolico. Classe 1., Dogmatica, polemica e filosofia morale : scelta di opere antiche e moderne atte a sanar le piaghe religiose e politiche che affliggono l'odierna società$g2$w()246563 774 0 $tVol. 3.$kTesoro cattolico. Classe 1., Dogmatica, polemica e filosofia morale : scelta di opere antiche e moderne atte a sanar le piaghe religiose e politiche che affliggono l'odierna società$g3$w()246564 996 $6245$aCatechismo di perseveranza, ovvero Esposizione storica, dogmatica, morale e liturgica della religione dall'origine del mondo fino ai nostri giorni$9(OLS)http://semarc/title/44421 996 $6260$aNapoli :$bA spese della Società Editrice$9(OLS)http://semarc/publisher/34411